000 00997nam a22003137a 4500
003 CHAP
005 20220329140832.0
008 971013s1968 enk r 00010 eng d
010 _a58367
011 _a59339
035 _a63497
040 _cCHAP
082 0 4 _a519.52
_bS8
100 0 0 _aStuart, Alan.
_9110036
245 1 _aBasic ideas of scientific sampling
260 _aLondon :
_bCharles Griffin,
_c1968
300 _a99 p.
490 _aGriffin's statistical monographs and courses
_v; 4
590 _aBATCH-UPD
_b10
_c20130110
_lUCH01
_h0310
590 _aBATCH-UPD
_b10
_c20130110
_lUCH01
_h2228
590 _aBATCH-UPD
_b10
_c20130409
_lUCH01
_h2342
590 _aBATCH-UPD
_b10
_c20130914
_lUCH01
_h1553
590 _aCONVERSION
_b10
_c20130109
_lUCH01
_h1331
650 1 4 _aMuestreo estadístico.
_979288
830 0 _aGriffin's statistical monographs and courses
_v; 4
_950670
901 _aBK
942 _cLIBRO
949 _a519.52 S8
_bBC
_cLIBRO
_d33724000388187
_eLIBRO
_h42782
_i63497
_si
999 _c58367
_d58367